Sports Quiz

Random Sports or MLB Quiz

Click-n-Match: MLB Division Minefield Quiz Stats

 Plays Quiz Updated May 27, 2017

Support Sporcle.
Go Orange.
Score 0/30 Timer 03:00
0 Plays Today
% Correct
???
55.4%
???
55%
???
54.3%
???
54.2%
???
54.2%
???
54.1%
???
53.9%
???
53.9%
???
53.9%
???
53.8%
???
53.6%
???
53.6%
???
53.6%
???
53.4%
???
53.4%
% Correct
???
52.9%
???
52.9%
???
52.8%
???
52.7%
???
52.7%
???
52.7%
???
52.6%
???
52.4%
???
52.3%
???
52.1%
???
52%
???
50.7%
???
49%
???
48.8%
???
46.4%

You're not logged in!

Compare scores with friends on all Sporcle quizzes.
OR
Log In
Forgot?

From the Vault

'P' Movies by Picture

by sweett310

Sometimes we like to get a little 'P'-dantic about our movie quizzes.
Remove Ads.
Support Sporcle.
Get the best of Sporcle when you Go Orange. This ad-free experience offers more features, more stats, and more fun while also helping to support Sporcle. Thank you for becoming a member.

Show Comments

Extras

Top Quizzes Today


Score Distribution

Your Account Isn't Verified!

In order to create a playlist on Sporcle, you need to verify the email address you used during registration. Go to your Sporcle Settings to finish the process.

Report this User

Report this user for behavior that violates our Community Guidelines.

Details: